02829nam a2200349 4500001000400000003000400004005001700008008004100025040000800066041001300074082002000087100003100107240017500138245034100313260002900654300001100683520133100694650003102025650001802056650003702074650004102111650004202152650003102194655002102225655002702246700003202273700003302305700004002338700003602378700004702414830001802461401OSt20250414162052.0250414b |||||||| |||| 00| 0 eng d bpor hgerapor a150.195 bF889c aFreud, Sigmundd1856- 1939 a Five Lectures on Psycho-Analysis ; Zur Geschicte der psychoanalytischen Bewegung ;Die Zukunft einer Illusion ; Das Unbehagen in der Kultur ; Abriss der Psychoanalyse. /  aFREUD :b Cinco lições de psicanálise ; A história do movimento psicanalítico ; O futuro de uma ilusão ; O mal-estar na civilização; Esboço de psicanálise /cFreud, Sigmund ; Tradução de: Durval Marcondes ; J. Barbosa Correa ; Themira de Oliveira Brito ; Paulo Henrique Brito e José Octávio de Aguiar Abreu aSão PaulobAbrilc1978 a246 p. aSeleção de textos por Jaime Salomão. Consultoria da introdução por Darcy Uchoa. 1. Cinco lições de psicanálise [1910 (1909)] ::: Resultante de cinco conferências pronunciadas por Freud, em 1909, na Clark University, de Massachusetts (EUA), esta obra apresenta, com clareza e simplicidade, as ideias básicas da Psicanálise. 2. A história do movimento psicanalítico [1924 (1914)] ::: A evolução do movimento psicanalítico serve de fundo à polêmica entre as doutrinas de Freud e as de Adler e Jung. 3. O futuro de uma ilusão [1927] ::: Dialogando com um opositor fictício, Freud investiga a origem psicológica das ideias religiosas e vê na religião “a neurose obsessiva universal da humanidade”. 4. O mal-estar na civilização [1930 (1929)] ::: A situação do homem na sociedade é descrita como fundamentalmente marcada pelo antagonismo inevitável entre as exigências do instinto e as restrições da civilização. 5. Esboço de psicanálise [1940 (1938)] ::: Pressupondo o conhecimento das teses centrais da Psicanálise, este esboço inacabado – porém não incompleto – lança nova luz sobre os diferentes pontos que aborda. Aos 82 anos, Freud revela-se capaz de inovar temas tantas vezes debatidos, com extraordinária lucidez e concisão.  0aFreud, Sigmund – Teorias 0aPsicanálise 0aIntrodução à psicanálise 0aHistória das ideias psicológicas 0aFreud – Posicionamento filosófico 0aPsicanálise da sociedade 0aNão Ficção 0aTécnico-científico aDurval Marcondes eTRADUTOR a J. Barbosa CorreaeTRADUTOR aThemira de Oliveira BritoeTRADUTOR aPaulo Henrique Brito eTRADUTOR aJosé Octávio de Aguiar AbreueTRADUTOR aOS Pensadores